Prarambhik parisankhya bigyan (Record no. 5928)

MARC details
000 -LEADER
fixed length control field 00537cam a2200193ua 4500
001 - CONTROL NUMBER
control field 6785
005 - DATE AND TIME OF LATEST TRANSACTION
control field 20260515114114.0
008 - FIXED-LENGTH DATA ELEMENTS--GENERAL INFORMATION
fixed length control field 140220n ii |||gr||||Z||||||asm
040 ## - CATALOGING SOURCE
Transcribing agency MAIN
082 ## - DEWEY DECIMAL CLASSIFICATION NUMBER
Classification number 519.5
245 ## - TITLE STATEMENT
Title Prarambhik parisankhya bigyan
Statement of responsibility, etc. By Lobananda choudhury
250 ## - EDITION STATEMENT
Edition statement 2nd ed.
260 ## - PUBLICATION, DISTRIBUTION, ETC.
Place of publication, distribution, etc. New delhi:
Name of publisher, distributor, etc. Horizon puublishing house,
Date of publication, distribution, etc. 1988.
300 ## - PHYSICAL DESCRIPTION
Extent x,371p.
653 ## - INDEX TERM--UNCONTROLLED
Uncontrolled term Probabilities & applied mathematics
653 ## - INDEX TERM--UNCONTROLLED
Uncontrolled term Prarambhik parisankhya bigyan
700 ## - ADDED ENTRY--PERSONAL NAME
Personal name Choudhury,Lobananda,
Relator term Author.,
942 ## - ADDED ENTRY ELEMENTS (KOHA)
Koha item type Books
Holdings
Withdrawn status Lost status Damaged status Not for loan Home library Current library Shelving location Date acquired Total checkouts Full call number Barcode Date last seen Copy number Price effective from Koha item type
        Naharkatiya College Library Naharkatiya College Library General stacks 09/19/2020   519.5 | CHO 13519 09/19/2020 1 09/19/2020 Books